Shaʻar bat rabim, (Record no. 31619)

MARC details
000 -LEADER
fixed length control field 00979cam a22002291 4500
001 - CONTROL NUMBER
control field he 66000544
003 - CONTROL NUMBER IDENTIFIER
control field DLC
005 - DATE AND TIME OF LATEST TRANSACTION
control field 20260227111437.0
008 - FIXED-LENGTH DATA ELEMENTS--GENERAL INFORMATION
fixed length control field 940304m18891896po 000 0 heb
010 ## - LIBRARY OF CONGRESS CONTROL NUMBER
LC control number he 66000544
025 ## - OVERSEAS ACQUISITION NUMBER
Overseas acquisition number PL480:Is-1206
035 ## - SYSTEM CONTROL NUMBER
System control number (OCoLC)29903911
040 ## - CATALOGING SOURCE
Original cataloging agency DLC
Transcribing agency TxU
Modifying agency TxU
-- DLC
042 ## - AUTHENTICATION CODE
Authentication code premarc
050 00 - LIBRARY OF CONGRESS CALL NUMBER
Classification number BS1225
Item number .F382
100 0# - MAIN ENTRY--PERSONAL NAME
Personal name Ḥayim Ary. Leyb ben Yosef
Fuller form of name (Ḥayim Aryeh Leyb ben Yosef)
245 10 - TITLE STATEMENT
Title Shaʻar bat rabim,
Remainder of title ʻal Ḥamishah ḥumshe Torah ve-haftarot,
Statement of responsibility, etc. me-et Ḥayyim Aryeh Leb b. R. Yosef me-ir Yedvavna.
260 ## - PUBLICATION, DISTRIBUTION, ETC.
Place of publication, distribution, etc. Varsha,
Name of publisher, distributor, etc. Bi-defus N. Shriftgisser
Date of publication, distribution, etc. [1889/90-1896?]
300 ## - PHYSICAL DESCRIPTION
Extent 5 v.
Dimensions 23 cm.
500 ## - GENERAL NOTE
General note Photo-offset; v. 1 stamped: Mahad. ḥadashah u-metukenet, 724; v. 2: Bi-defus Y. Lebenzohn, stamped: Yerushalayim, 724; v. 3-5: Pietrkov, A. Tikatsinski, Mahazik Sklar sefarim bi-Byalistok; without original date; v. 3 also stampted: Tel-Aviv, 728.
630 00 - SUBJECT ADDED ENTRY--UNIFORM TITLE
Uniform title Bible.
Name of part/section of a work Pentateuch
General subdivision Commentaries.

No items available.

Powered by Koha